000 00923nam a2200157 a 4500
001 000003493
005 20200929150448.0
008 130912s1970 sp ac 000 0 spa d
040 _aDO-SdBNP
_bspa
_cBNPHU
245 0 0 _aHistoria del arte /
_cdirector Juan Salvat.
260 _aBarcelona :
_bSalvat editores,
_c1970.
300 _aV. :
_bil., retrs. ;
_c30 cm.
500 _aLa biblioteca posee los volumenes 3, 4, 5 y 6
505 0 _gt. 3
_tArte paleocristiano de occidente
_gcolaborador Pedro de Palol
_gt. 4
_tArte en la India medieval
_gcolaborador Jeannine Auboyer
_tEstampa japonesa
_gcolaborador Janette Ostier
_gt. 5
_tDonatello
_gcolaborador Giorgio Castelfranco
_tBotticelli
_gcolaborador Luciano Berti
_tLeonardo de Vinci
_gcolaborador Marco Rosci
_gt. 6
_tTiziano
_gcolaborador Emma Micheletti
_tEl Greco
_gcolaborador Julián Gállego
_tDurero
_tLucas Cranach
_gcolaborador Rüdiger an der Heiden
700 1 _aSalvat, Juan
_edir.
_910865
999 _c3321
_d3321